KOHA-Header-6

Elizabeth (Record no. 13524)

000 -LEADER
fixed length control field 00349nam a22001337a 4500
020 ## - INTERNATIONAL STANDARD BOOK NUMBER
ISBN 9781842228319
082 ## - DEWEY DECIMAL CLASSIFICATION NUMBER
Classification number 921
Item number JEN
100 ## - MAIN ENTRY--AUTHOR NAME
Personal name Jennie Bond
245 ## - TITLE STATEMENT
Title Elizabeth
Remainder of title Fifty Glorious Years
260 ## - PUBLICATION, DISTRIBUTION, ETC. (IMPRINT)
Place of publication London
Name of publisher Carlton Publishing Group
Year of publication 2003
300 ## - PHYSICAL DESCRIPTION
Number of Pages 176 pages
650 ## - SUBJECT ADDED ENTRY--TOPICAL TERM
Topical Term Biography, 50 years, Elizabeth, Queen, Britain
942 ## - ADDED ENTRY ELEMENTS (KOHA)
Koha item type Books
Holdings
Withdrawn status Lost status Collection code Permanent Location Current Location Shelving location Date acquired Full call number Accession Number Koha item type
    English Literature MAJU MAJU Shelf No.A13 2022-12-07 921 JEN 10621 Books

Powered by Koha